| Tag |
First Indicator |
Second Indicator |
Subfields |
| LEADER |
00000cam a2200000 a 4500 |
| 001 |
in00002771069 |
| 005 |
20150922105719.0 |
| 008 |
110118s2011 nyua f 001 0 eng |
| 010 |
|
|
|a 2010051904
|
| 020 |
|
|
|a 9780071751841 (hardback : acid-free paper)
|
| 020 |
|
|
|a 007175184X (hardback : acid-free paper)
|
| 035 |
|
|
|a (OCoLC)ocn650219633
|
| 040 |
|
|
|a DLC
|c DLC
|d UtOrBLW
|
| 049 |
|
|
|a TXAM
|
| 050 |
0 |
0 |
|a QC185
|b .T44 2011
|
| 082 |
0 |
0 |
|a 620.001/515353
|2 22
|
| 100 |
1 |
|
|a Thambynayagam, R. K. Michael.
|
| 245 |
1 |
4 |
|a The diffusion handbook :
|b applied solutions for engineers /
|c R.K. Michael Thambynayagam.
|
| 264 |
|
1 |
|a New York :
|b McGraw-Hill,
|c [2011]
|
| 264 |
|
4 |
|c ©2011
|
| 300 |
|
|
|a cxxviii, 1911 pages :
|b illustrations ;
|c 29 cm.
|
| 336 |
|
|
|a text
|b txt
|2 rdacontent
|
| 337 |
|
|
|a unmediated
|b n
|2 rdamedia
|
| 338 |
|
|
|a volume
|b nc
|2 rdacarrier
|
| 520 |
|
|
|a This compendium of analytical solutions is intended to serve as a handbook or research level course for petroleum, chemical, mechanical, civil or electrical engineers and applied scientists. The book, comprising over one thousand solutions, has been written specially for post-graduate students and practitioners in the industry who are searching for ready-made solutions to practical problems.The primary focus of this book is to catalogue solutions to boundary-value problems associated with Dirichlet, Neumann and Robin boundary conditions. It also offers some variations that are of practical use to the industry. These variations include, subdivided systems where the properties of each continuum are uniform but discontinuous at the interface, solutions involving boundary conditions of the mixed type, where the function is prescribed over part of the boundary and its normal derivative over the remaining part, and problems that involve space and time-dependent boundary conditions. All semi-analytic solutions presented in this book are accompanied by prescriptions for numerical computation. The diffusion coefficient and the initial and boundary conditions used in this book apply to fluid flow in a porous medium. Nonetheless, all solutions can be equally applied to problems in heat conduction and mass transfer.
|
| 504 |
|
|
|a Includes bibliographical references (pages 1903-1906) and indexes.
|
| 650 |
|
0 |
|a Diffusion
|x Mathematical models
|v Handbooks, manuals, etc.
|
| 650 |
|
0 |
|a Engineering mathematics
|v Handbooks, manuals, etc.
|
| 945 |
|
|
|a PromptCat
|b 976401
|
| 946 |
|
|
|a stk
|
| 947 |
|
|
|a A14835984197
|
| 948 |
|
|
|a cataloged
|b h
|c 2012/8/9
|d c
|e dmitchel
|f 12:50:40 pm
|
| 994 |
|
|
|a 92
|b TXA
|
| 999 |
|
|
|a MARS
|
| 999 |
f |
f |
|s 4e9751a2-a278-3a69-9231-85dacf2e7093
|i 63103890-9352-39d6-86f7-7e7141b540be
|t 0
|
| 952 |
f |
f |
|p normal
|a Texas A&M University
|b College Station
|c Sterling C. Evans Library
|d Evans: Library Stacks
|t 0
|e QC185 .T44 2011
|h Library of Congress classification
|i unmediated -- volume
|m A14835984197
|
| 998 |
f |
f |
|a QC185 .T44 2011
|t 0
|l Evans: Library Stacks
|